| 000 | 00000nas 2200000za 4500 |
|---|---|
| 001 | 9.504459 |
| 003 | CaOODSP |
| 005 | 20201118084411 |
| 007 | cr ||||||||||| |
| 008 | 150406d19882001xxc|| m o||||f| |0eng|d |
| 040 | |aCaOODSP|beng |
| 043 | |an-cn--- |
| 086 | 1 |aH113-4E-PDF |
| 110 | 1 |aCanada. |bPest Management Regulatory Agency. |
| 245 | 10|aDecision document |h[electronic resource] |
| 260 | |aOttawa - Ontario : |bHealth Canada. |
| 546 | |aEnglish |
| 775 | 08|tDocument des décisions |w(CaOODSP)9.500877 |